The theory of social structure

I tiakina i:
Ngā taipitopito rārangi puna kōrero
Kaituhi matua: Nadel, Siegfried Frederick (Author)
Hōputu: Pukapuka
Reo:Ingarihi
I whakaputaina: Londres Cohen & West 1957
Ngā marau:
Ngā Tūtohu: Tāpirihia he Tūtohu
Kāore He Tūtohu, Me noho koe te mea tuatahi ki te tūtohu i tēnei pūkete!

MARC

LEADER 00000nam a2200000 a 4500
001 UCQ0313
003 CL-VaPUC
008 980627e19570000UK |||||||||||||||||eng|d
082 0 4 |a 305  |b NAD  |2 21 
100 |a Nadel, Siegfried Frederick   |e author  |9 413528 
245 1 4 |a The theory of social structure 
300 |a 159 p 
942 |c BK 
945 |d 19980627 00:00:00  |a crobeson 
260 |a Londres  |b Cohen & West  |c 1957 
650 7 |a ESTRUCTURA SOCIAL  |2 CL-VaPUC  |9 413529 
650 0 |a Antropología social  |9 306264 
650 0 |a Rol social  |9 395313 
650 0 |a Sistemas sociales  |9 308361 
650 0 |a Sociología   |9 255410 
583 |a last modification  |c 19980627 00:00:00  |k Rodrigo Vera 
999 |c 271452  |d 271450